000 00450nam a2200181Ia 4500
001 20617
005 20260306172819.0
008 260306t2018||||xx |||||||||||||| ||spa||
041 _aESP
082 _a343.6
_bA47
100 _aÁlvarez Pedroza, Alejandro
_eAUT
245 0 _aLa ejecución del contrato de obras públicas
260 _c2018
300 _a508 páginas :
_c25 cm.
650 _aGEN
654 _aCDE
942 _cLIB
_dJUS
_fJUS
_2ddc
_n
999 _c20617
_d20617